Ako zvýšiť produktivitu obchodného tímu?
Základom produktivity obchodníka sú jeho obchodné zručnosti, miera jeho aktivít a spôsob, ako si manažuje svoje obchodné príležitosti.
Na minha lista:
| Autor principal: | |
|---|---|
| Formato: | Capítulo de Livro |
| Idioma: | eslovaco |
| Assuntos: | |
| Tags: |
Sem tags, seja o primeiro a adicionar uma tag!
|
MARC
| LEADER | 00000naa$a2200000$$$4500 | ||
|---|---|---|---|
| 001 | 0250029 | ||
| 005 | 20190110095513.7 | ||
| 041 | 0 | |a slo | |
| 044 | |a SK | ||
| 245 | 1 | 0 | |a Ako zvýšiť produktivitu obchodného tímu? |c Martin Mišík |
| 520 | |a Základom produktivity obchodníka sú jeho obchodné zručnosti, miera jeho aktivít a spôsob, ako si manažuje svoje obchodné príležitosti. | ||
| 610 | 2 | 0 | |a obchodníci |
| 610 | 2 | 0 | |a produktivita práce |
| 610 | 2 | 0 | |a motivácia pracovná |
| 610 | 2 | 0 | |a manažment času |
| 610 | 2 | 0 | |a zručnosti |
| 100 | 1 | |a Mišík, Martin | |